| 000 | 00698nam a2200229Ia 4500 | ||
|---|---|---|---|
| 003 | OSt | ||
| 005 | 20220107124025.0 | ||
| 008 | 210716s9999 xx 000 0 und d | ||
| 020 | _a9780470178461 | ||
| 040 | _cAIMIT LIBRARY | ||
| 041 | _aeng | ||
| 082 |
_a332.041 _21 _bCENH |
||
| 245 |
_aPrivate equity: _bHistory governance and operations / _cBy Harry Cendrowski...[et.al] |
||
| 250 | _a1 | ||
| 260 |
_aNew Jersey: _bJohn Wiley & sons, _c2008. |
||
| 300 | _axxi,,457p.; 18cm. | ||
| 650 |
_aThe private equity _912655 |
||
| 650 |
_aInternal control evaluation _912656 |
||
| 650 |
_aProfessional standards _912657 |
||
| 700 |
_aCendrowski, Harry. _912658 |
||
| 942 |
_2ddc _cBK _e1 _k332.041 CENH |
||
| 999 |
_c206442 _d206442 |
||